Detalles MARC
| 000 -LEADER |
| fixed length control field |
01742nam a2200385Ii 4500 |
| 001 - CONTROL NUMBER |
| control field |
DIGTEBAR0020 |
| 003 - CONTROL NUMBER IDENTIFIER |
| control field |
NyNyDIG |
| 006 - FIXED-LENGTH DATA ELEMENTS--ADDITIONAL MATERIAL CHARACTERISTICS |
| fixed length control field |
m o d |
| 007 - PHYSICAL DESCRIPTION FIXED FIELD--GENERAL INFORMATION |
| fixed length control field |
cr ||||||||||| |
| 008 - FIXED-LENGTH DATA ELEMENTS--GENERAL INFORMATION |
| fixed length control field |
131101s2009 sp ob 000 0 spa d |
| 020 ## - INTERNATIONAL STANDARD BOOK NUMBER |
| International Standard Book Number |
9788473604512 |
| Qualifying information |
(eBook) |
| 020 ## - INTERNATIONAL STANDARD BOOK NUMBER |
| Canceled/invalid ISBN |
8473603192 |
| 020 ## - INTERNATIONAL STANDARD BOOK NUMBER |
| Canceled/invalid ISBN |
9788473603195 |
| 035 ## - SYSTEM CONTROL NUMBER |
| System control number |
(OCoLC)888279437 |
| 040 ## - CATALOGING SOURCE |
| Original cataloging agency |
DGITA |
| Language of cataloging |
eng |
| Description conventions |
pn |
| Transcribing agency |
DGITA |
| 050 14 - LIBRARY OF CONGRESS CALL NUMBER |
| Classification number |
PR1119 eBook |
| 100 1# - MAIN ENTRY--PERSONAL NAME |
| Personal name |
Antonelli, Cristiano, |
| Dates associated with a name |
1971- |
| 245 10 - TITLE STATEMENT |
| Title |
San Jorge y la rosa : |
| Remainder of title |
expresiones culturales de la España peregrina / |
| Statement of responsibility, etc. |
Cristiano Antonelli |
| 264 #1 - PRODUCTION, PUBLICATION, DISTRIBUTION, MANUFACTURE, AND COPYRIGHT NOTICE |
| Place of production, publication, distribution, manufacture |
Madrid : |
| Name of producer, publisher, distributor, manufacturer |
Editorial Tébar, |
| Date of production, publication, distribution, manufacture, or copyright notice |
2009. |
| 300 ## - PHYSICAL DESCRIPTION |
| Extent |
1 online resource (166 pages) |
| 336 ## - CONTENT TYPE |
| Content type term |
text |
| Content type code |
txt |
| Source |
rdacontent |
| 337 ## - MEDIA TYPE |
| Media type term |
computer |
| Media type code |
c |
| Source |
rdamedia |
| 338 ## - CARRIER TYPE |
| Carrier type term |
online resource |
| Carrier type code |
cr |
| Source |
rdacarrier |
| 504 ## - BIBLIOGRAPHY, ETC. NOTE |
| Bibliography, etc. note |
Includes bibliographical references (p. [163]-166). |
| 505 0# - FORMATTED CONTENTS NOTE |
| Formatted contents note |
Entre la historia y la leyenda -- El culto desde el siglo IV -- La Passio Georgii -- Jorge y el dragón -- La leyenda dorada -- Jorge y la caballería -- Jorge y Francisco -- El bajo medievo en Occidente -- En Aragón -- En Cataluña -- Iconografía -- Jorge el Santo -- Jorge en el Islam -- Leyenda dorada, el martirio -- Martirio y muerte, hasta la victoria -- Leyenda dorada, Jorge y el dragón -- El dragón -- La rosa -- Bibliografía. |
| 600 00 - SUBJECT ADDED ENTRY--PERSONAL NAME |
| Personal name |
George, |
| Titles and other words associated with a name |
Saint, |
| Dates associated with a name |
-303 |
| 600 00 - SUBJECT ADDED ENTRY--PERSONAL NAME |
| Personal name |
George, |
| Titles and other words associated with a name |
Saint, |
| Dates associated with a name |
. 303 |
| General subdivision |
Legends. |
| 600 00 - SUBJECT ADDED ENTRY--PERSONAL NAME |
| Personal name |
George, |
| Titles and other words associated with a name |
Saint, |
| Dates associated with a name |
. 303 |
| General subdivision |
Cult. |
| 655 #0 - INDEX TERM--GENRE/FORM |
| Genre/form data or focus term |
Electronic books. |
| 791 2# - |
| -- |
Digitalia (Firm), |
| -- |
distributor. |
| 793 0# - |
| -- |
Digitalia eBook Collection: |
| -- |
Editorial Tébar. |
| 856 40 - ELECTRONIC LOCATION AND ACCESS |
| Materials specified |
Digitalia Hispánica |
| Uniform Resource Identifier |
<a href="https://www.digitaliapublishing.com/a/12919/">https://www.digitaliapublishing.com/a/12919/</a> |
| 910 ## - USER-OPTION DATA (OCLC) |
| User-option data |
Premium Collection: 2007-2012 |
| 942 ## - ADDED ENTRY ELEMENTS (KOHA) |
| Koha item type |
Recurso Electrónico |